000 00276nam a22001217a 4500
020 _a978-81-7992-815-8
082 _a158
_bSHA/G
100 _aSHARMA,ROBIN
245 _aTHE GREATNESS GUIDE
260 _aINDIA
_bJAICO BOOKS
650 _aTHE GREATNESS GUIDE
_zINDIA
942 _cBK
999 _c5350
_d5350